000 00367nam a2200157Ia 4500
008 230524s9999 xx 000 0 und d
082 _a530
_bGUS
100 _aMilton Gussow
_923897
245 0 _aBasic Electricity
250 _a1ST
260 _aNEW DELHI
_bTMH
_c2004
300 _aXVI;447
500 _aQuantity Number: 1
650 _aElectrical
942 _cBK
999 _c35425
_d35425